000 nam a22 7a 4500
999 _c7888
_d7888
008 171107b xxu||||| |||| 00| 0 eng d
100 _aVerma.N.K.etal.
_94357
245 _aChemistry-XI
260 _aNew Delhi
_bL.P.
_c2009